15 villes françaises les plus peuplées sur le Rhône - Statistiques

Statistiques générales
  • Ce quiz a été pris 41 fois
  • Le résultat moyen est 8 sur 15
Statistiques - réponses
Département Population Commune % Correct
Rhône 519127 Lyon
100%
Vaucluse 92188 Avignon
91%
Rhône 163684 Villeurbanne
88%
Drôme 64458 Valence
85%
Bouches du Rhône 51811 Arles
73%
Drôme 40595 Montélimar
67%
Isère 31778 Vienne
64%
Vaucluse 29706 Orange
58%
Rhône 21379 Givors
39%
Rhône 53069 Vaulx en Velin
39%
Rhône 43597 Caluire et Cuire
30%
Rhône 36687 Meyzieu
21%
Rhône 31389 Rillieux la Pape
21%
Rhône 38168 Oullins Pierre Bénite
18%
Drôme 19992 Bourg lès Valence
15%
Aucun quiz correspondant
Distribution des résultats
% des personnes avec chaque résultat
Percentile par nombre de réponses
Votre historique - résultats
Vous n’avez pas pris ce quiz